000
00266nam a2200109Ia 4500
008
230907s9999||||xx |||||||||||||| ||und||
082
_a
621.56
_b
DOS
245
0
_a
Principles of refrigeration /
260
_a
Pearson,
_b
Noida :
_c
2006
300
_a
528 p.
942
_c
BK
999
_c
600360
_d
600360